From concept to completion (Record no. 73257)

MARC details
000 -LEADER
fixed length control field 01865cam a2200253 4500
001 - CONTROL NUMBER
control field ABS67018
008 - FIXED-LENGTH DATA ELEMENTS--GENERAL INFORMATION
fixed length control field 030820n2003 000 0 eng u
035 ## - SYSTEM CONTROL NUMBER
System control number (Sirsi) u123321
100 ## - MAIN ENTRY--PERSONAL NAME
Personal name Biddulph, M.
245 ## - TITLE STATEMENT
Title From concept to completion
260 ## - PUBLICATION, DISTRIBUTION, ETC.
Date of publication, distribution, etc. 2003
490 ## - SERIES STATEMENT
Series statement Town Planning Review
Volume/sequential designation 74(2) April 2003, 165-193(29)
520 ## - SUMMARY, ETC.
Summary, etc. Gives a critical review of the evolution of the concept of the urban village as a planning process. Provides an understanding of the process and forces which have led to the articulation of the urban village concept including the influence of both structural and human agency factors which have influenced its constituent attributes. Appraises the processes and forces which have impacted upon the adoption, interpretation, application and implementation of the urban village concept in specific locations and analyses the extent to which urban village design principles have been adopted. Selects three case studies at Bordesley Urban Village, Birmingham, Garston-under-the-Bridge Urban Village Liverpool and West Silvertown Urban Village, Royal Victoria Docks London which illustrate contrasting schemes in contrasting locations. As part of these case studies, interviews were carried out with key involved professionals. Concludes with an investigation into the patterns of life within urban villages assessing the extent to which the urban village accords with the intention and perceptions of those who promote and use it and whether the principles of development accord with user aspirations. References. [Adapted from journal abstract].
590 ## - LOCAL NOTE (RLIN)
Local note ABS
650 ## - SUBJECT ADDED ENTRY--TOPICAL TERM
Topical term or geographic name entry element URBAN VILLAGES
650 ## - SUBJECT ADDED ENTRY--TOPICAL TERM
Topical term or geographic name entry element SUSTAINABLE DEVELOPMENT
650 ## - SUBJECT ADDED ENTRY--TOPICAL TERM
Topical term or geographic name entry element URBAN DESIGN
650 ## - SUBJECT ADDED ENTRY--TOPICAL TERM
Topical term or geographic name entry element PLANNING POLICY
650 ## - SUBJECT ADDED ENTRY--TOPICAL TERM
Topical term or geographic name entry element URBAN RENEWAL
690 ## - LOCAL SUBJECT ADDED ENTRY--TOPICAL TERM (OCLC, RLIN)
Topical term or geographic name as entry element REGENERATION
700 ## - ADDED ENTRY--PERSONAL NAME
Personal name Franklin, B.
700 ## - ADDED ENTRY--PERSONAL NAME
Personal name Tait, M.
942 ## - ADDED ENTRY ELEMENTS (KOHA)
Suppress in OPAC 0
Holdings
Withdrawn status Lost status Source of classification or shelving scheme Damaged status Not for loan Home library Current library Shelving location Date acquired Total Checkouts Full call number Barcode Date last seen Copy number Price effective from Koha item type
    Dewey Decimal Classification     London London Journal article 20/08/2003   ABS67018 123321-1001 06/08/2019 1 06/08/2019 Journal article